1064 1464 1908 1544 1084 1601 1532 1632 1084 1010 1831 1757 1321 1245 1378 1743 1603 1031 1131 1457 1061 1770 1669 1268 1413 1765 1117 1799 1575 1889 1493 1395 1839 1607 1001 1184 1121 1658 1356 1544 1204 1013 1831 1760 1857 1359 1280 1446 1181 1088 1116 1247 1227 1029 1831 1353 1883 1356 1178 1119 1765 1384 1234 1164 1884 1600 1525 1238 1752 1336 1841 1617 1055 1436 1090 1268 1034 1901 1483 1685 1317 1366 1131 1596 1872 1465 1620 1436 1056 1909 1428 1001 1829 1732 1967 1677 1702 1127 1648 BCNSPRNW ULIB Ver.6.0+V

เปลี่ยนเป็นภาษาไทย

Change to English
 แสดงรายละเอียดบรรณานุกรม
  กลับหน้าหลัก

Brief Record : Get Marc (ISO 2709) : E-mail record : QR code < ปิดหน้าต่าง
LEADER : 00000nam 2200000uu 4500
001    13399114544
003     ULIB
008    120412s2550||||th 000 0 tha d
020    ^a9749479408
090    ^aนว.^bก478ผ 2550
100 0  ^aLittle Mermaid
245 00 ^aแผนรักรสเบเกอรี่ Bakery of love/^cLittle Mermaid
250    ^aพิมพ์ครั้งที่ 1
260    ^aกรุงเทพฯ :^bอมรินทร์ บุ๊ค เซ็นเตอร์,^c2550
300    ^a238 หน้า
945    ^p149^l0^i14063
995    ^aกัณชพร
999    ^aใช้งานได้ทุกระบบ
รายการนี้ยังไม่มีแท็ก
คุณยังไม่ได้ล็อกอิน คุณสามารถมีกิจกรรมร่วมกับเว็บไซต์ได้ แต่ต้องล็อกอินก่อน ::
  ล็อกอิน

รายการสื่อสารสนเทศ

ลำดับที่ ประเภท เลขเรียก/บาร์โค้ด สถานที่ สถานะ
1. นวนิยาย
นวนิยาย
นว. ก478ผ 2550  
  Barcode: 14063
ห้องสมุดวิทยาเขตสวรรค์ประชารักษ์
►นวนิยาย
บนชั้น
  ขอยืม

BibComment


ยังไม่เคยถูกคอมเมนท์

คอมเมนท์ทรัพยากรรายการนี้
  คอมเมนท์: แผนรักรสเบเกอรี่..


 Copyright 2026. Bcnsprnw @Library